Guess The City By Picture-Hard - Statistics

General Stats
  • This quiz has been taken 10 times
  • The average score is 7 of 16
Answer Stats
Picture Hint Answer % Correct
The 2nd biggest city in the United States Los Angeles
100%
The city with the most skycrapers in India Mumbai
90%
The city in Middle East with the most tourists Dubai
80%
One of the most famous city in Africa Cape Town
70%
The northernmost biggest city in Japan Sapporo
60%
Capital City of Democratic Republic Of The Congo Kinshasa
50%
2nd biggest city in Pakistan Lahore
50%
Capital city of Greenland Nuuk
50%
Lies east of Tokyo Yokohama
50%
ends in -ville Jacksonville
30%
city in Austria that ends in -furt Klagenfurt
30%
North of Sao Paulo Campinas
20%
Capital city of a state in the United States Juneau
20%
A city in switzerland with 2 words Saint Moritz
10%
Capital city or North Celebes Manado
0%
ends in -land Oakland
0%
No matching quizzes found
Score Distribution
Percent of People with Each Score
Percentile by Number Answered
Your Score History
You have not taken this quiz